<?xml version="1.0" encoding="UTF-8"?>
<record
    xmlns:xsi="http://www.w3.org/2001/XMLSchema-instance"
    xsi:schemaLocation="http://www.loc.gov/MARC21/slim http://www.loc.gov/standards/marcxml/schema/MARC21slim.xsd"
    xmlns="http://www.loc.gov/MARC21/slim">

  <leader>02894cam a22003614a 4500</leader>
  <datafield tag="020" ind1=" " ind2=" ">
    <subfield code="a">9780821378601</subfield>
  </datafield>
  <datafield tag="040" ind1=" " ind2=" ">
    <subfield code="c">NW</subfield>
  </datafield>
  <datafield tag="082" ind1=" " ind2=" ">
    <subfield code="a">338 THE 2009 A018 Or.</subfield>
  </datafield>
  <datafield tag="110" ind1="2" ind2=" ">
    <subfield code="a">World Bank.</subfield>
  </datafield>
  <datafield tag="245" ind1="1" ind2="0">
    <subfield code="a">Global Monitoring Report 2009</subfield>
    <subfield code="b">A Development Emergency.</subfield>
  </datafield>
  <datafield tag="260" ind1=" " ind2=" ">
    <subfield code="a">Washington, D.C. :</subfield>
    <subfield code="b">The World Bank,</subfield>
    <subfield code="c">2009.</subfield>
  </datafield>
  <datafield tag="300" ind1=" " ind2=" ">
    <subfield code="a">1 online resource (219 p.)</subfield>
  </datafield>
  <datafield tag="490" ind1="1" ind2=" ">
    <subfield code="a">Global Monitoring Report</subfield>
  </datafield>
  <datafield tag="520" ind1="3" ind2=" ">
    <subfield code="a">A Development Emergency: the title of this year's Global Monitoring Report, the sixth in an annual series, could not be more apt. The global economic crisis, the most severe since the Great Depression, is rapidly turning into a human and development crisis. No region is immune. The poor countries are especially vulnerable, as they have the least cushion to withstand events. The crisis, coming on the heels of the food and fuel crises, poses serious threats to their hard-won gains in boosting economic growth and reducing poverty. It is pushing millions back into poverty and putting at risk the very survival of many. The prospect of reaching the Millennium Development Goals (MDGs) by 2015, already a cause for serious concern, now looks even more distant. A global crisis must be met with a global response. The crisis began in the financial markets of developed countries, so the first order of business must be to stabilize these markets and counter the recession that the financial turmoil has triggered. At the same time, strong and urgent actions are needed to counter the impact of the crisis on developing countries and help them restore strong growth while protecting the poor. Global Monitoring Report 2009, prepared jointly by the staff of the World Bank and the International Monetary Fund, provides a development perspective on the global economic crisis. It assesses the impact on developing countries, their growth, poverty reduction, and other MDGs. And it sets out priorities for policy response, both by developing countries themselves and by the international community. This report also focuses on the ways in which the private sector can be better mobilized in support of development goals, especially in the aftermath of the crisis.</subfield>
  </datafield>
  <datafield tag="650" ind1=" " ind2="4">
    <subfield code="a">Access to Finance.</subfield>
  </datafield>
  <datafield tag="650" ind1=" " ind2="4">
    <subfield code="a">Debt Markets.</subfield>
  </datafield>
  <datafield tag="650" ind1=" " ind2="4">
    <subfield code="a">Economic Theory and Research.</subfield>
  </datafield>
  <datafield tag="650" ind1=" " ind2="4">
    <subfield code="a">Emerging Markets.</subfield>
  </datafield>
  <datafield tag="650" ind1=" " ind2="4">
    <subfield code="a">Finance and Financial Sector Development.</subfield>
  </datafield>
  <datafield tag="650" ind1=" " ind2="4">
    <subfield code="a">Health and Nutrition.</subfield>
  </datafield>
  <datafield tag="650" ind1=" " ind2="4">
    <subfield code="a">Health Systems Development and Reform.</subfield>
  </datafield>
  <datafield tag="650" ind1=" " ind2="4">
    <subfield code="a">Macroeconomics and Economic Growth.</subfield>
  </datafield>
  <datafield tag="650" ind1=" " ind2="4">
    <subfield code="a">Population.</subfield>
  </datafield>
  <datafield tag="650" ind1=" " ind2="4">
    <subfield code="a">Population Policies.</subfield>
  </datafield>
  <datafield tag="650" ind1=" " ind2="4">
    <subfield code="a">Poverty Reduction.</subfield>
  </datafield>
  <datafield tag="650" ind1=" " ind2="4">
    <subfield code="a">Private Sector Development.</subfield>
  </datafield>
  <datafield tag="650" ind1=" " ind2="4">
    <subfield code="a">Pro-Poor Growth.</subfield>
  </datafield>
  <datafield tag="650" ind1=" " ind2="4">
    <subfield code="a">Regional Economic Development.</subfield>
  </datafield>
  <datafield tag="650" ind1=" " ind2="4">
    <subfield code="a">Rural Poverty Reduction.</subfield>
  </datafield>
  <datafield tag="710" ind1="2" ind2=" ">
    <subfield code="a">World Bank.</subfield>
  </datafield>
  <datafield tag="856" ind1="4" ind2="0">
    <subfield code="u">http://elibrary.worldbank.org/content/book/9780821378595</subfield>
  </datafield>
  <datafield tag="942" ind1=" " ind2=" ">
    <subfield code="c">EK</subfield>
  </datafield>
  <datafield tag="999" ind1=" " ind2=" ">
    <subfield code="c">12005</subfield>
    <subfield code="d">12005</subfield>
  </datafield>
  <datafield tag="952" ind1=" " ind2=" ">
    <subfield code="0">0</subfield>
    <subfield code="1">0</subfield>
    <subfield code="4">0</subfield>
    <subfield code="6">338_000000000000000_THE_2009_A018_OR</subfield>
    <subfield code="7">0</subfield>
    <subfield code="9">60945</subfield>
    <subfield code="a">LBA</subfield>
    <subfield code="b">LBA</subfield>
    <subfield code="c">A018</subfield>
    <subfield code="d">2017-08-09</subfield>
    <subfield code="o">338 THE 2009 A018 Or.</subfield>
    <subfield code="p">A09985</subfield>
    <subfield code="r">2017-08-09</subfield>
    <subfield code="w">2017-08-09</subfield>
    <subfield code="y">EK</subfield>
  </datafield>
</record>
